000 01655nam0a2200313 4500
001 RU\NLR\BIBL_A\022785505
005 20260614173319.0
010 _a978-5-907977-51-8
_9500
035 _a(NLR Aleph) 022785505
090 _a13729152
_c13729152
100 _a20260415d2025 u y0rusy50 ca
101 0 _arus
102 _aRU
105 _aa|||j|||000yy
181 0 _ai3
_bxxxe
182 0 _an
200 1 _aСовременные технологии в зоотехнии
_eучебное пособие
_fО. В. Свитенко, С. В. Свистунов
_gМинистерство сельского хозяйства Российской Федерации, ФГБОУ ВО "Кубанский государственный аграрный университет имени И. Т. Трубилина"
203 _aТекст
_bвизуальный
_cнепосредственный
210 _aКраснодар
_cКубГАУ
_d2025
215 _a121 с.
_cтабл.
_d21
320 _aБиблиогр.: с. 120 (11 назв.)
606 1 _aЖивотноводство
_xИнновационные технологии
_jУчебные издания для высших учебных заведений
_2nlr_sh2
_3RU\NLR\AUTH\661515566
686 1 _aП5я73
700 1 _aСвитенко
_bО. В.
_cканд. с.-х. наук
_gОлег Викторович
_3RU\NLR\AUTH\770227419
701 1 _aСвистунов
_bС. В.
_cканд. с.-х. наук
_gСергей Владимирович
_3RU\NLR\AUTH\770227415
942 _cBOOK
980 _aNB